Famous Michaels - Statistics

General Stats
  • This quiz has been taken 38 times
  • The average score is 9 of 16
Answer Stats
Picture Answer % Correct
Michael Jackson
97%
Michael Jordan
94%
Michael Phelps
92%
Michael J. Fox
83%
Michael Douglas
75%
Michael Caine
69%
Mike Myers
69%
Michael Bublé
64%
Michael Keaton
64%
Michael Cera
50%
Michael Corleone
47%
Michael Moore
36%
Michael Fassbender
31%
Michael Imperioli
17%
Mike Hannigan
11%
Mike Heck
11%
No matching quizzes found
Score Distribution
Percent of People with Each Score
Percentile by Number Answered
Your Score History
You have not taken this quiz